000 00525nam a2200217Ia 4500
005 20250425162829.0
008 250425s9999 xx 000 0 und d
020 _a9500103052
041 _aspa
044 _aag
082 _a340.03
_pOME
110 _aOmeba
245 0 _aEnciclopedia jurídica Omeba: INSA-IUSN (Tomo XVI)
_cOmeba
250 _as.e.
260 _aBuenos Aires
_bDriskill
_c1978
300 _a1053 páginas
362 _aXVI
650 _aEnciclopedias-Derecho
942 _c01
010 _a110775
999 _c237299
_d237299